Superpotencias de la inteligencia artificial : China, Silicon Valley y el nuevo orden mundial

সংরক্ষণ করুন:
গ্রন্থ-পঞ্জীর বিবরন
প্রধান লেখক: Lee, Kai-Fu (Author, autor)
অন্যান্য লেখক: Vaquero Granados, Mercedes (Translator, traductor)
বিন্যাস: গ্রন্থ
ভাষা:স্প্যানিশ
ইংরেজি
প্রকাশিত: Barcelona Ediciones Deusto, [2020]
সংস্করন:Primera edición en libro electrónico (epub)
বিষয়গুলি:
অনলাইন ব্যবহার করুন:https://elibro.unach.elogim.com/es/lc/unach/titulos/291286
ট্যাগগুলো: ট্যাগ যুক্ত করুন
কোনো ট্যাগ নেই, প্রথমজন হিসাবে ট্যাগ করুন!

MARC

LEADER 00000nam a2200000 i 4500
001 ELB291286
003 FINmELB
005 251224023722.0
006 m o u
007 cr cn|||||||||
008 251223s2020 sp o 000 0 spa d
020 |z 978-84-234-3131-1 
020 |a 9788423431427  |q (epub) 
035 |a (OCoLC)1564683484 
040 |a FINmELB  |b spa  |e rda  |c FINmELB 
041 1 |a spa  |h eng 
050 4 |a Q335  |b .L445 2020 
080 |a 004.8:338 
080 |a 004.8:316.4.062 
080 |a 004.8(510) 
080 |a 004.8(73) 
082 0 4 |a 306.46  |2 23 
100 1 |a Lee, Kai-Fu  |e autor  |4 aut 
240 1 0 |a AI superpowers  |l Español 
245 1 0 |a Superpotencias de la inteligencia artificial :  |b China, Silicon Valley y el nuevo orden mundial  |c Kai-Fu Lee ; traducción de Mercedes Vaquero 
250 |a Primera edición en libro electrónico (epub) 
264 1 |a Barcelona  |b Ediciones Deusto,  |c [2020] 
264 4 |c ©2020 
300 |a 1 recurso en línea 
336 |a texto  |b txt  |2 rdacontent/spa 
337 |a computadora  |b c  |2 rdamedia/spa 
338 |a recurso en línea  |b cr  |2 rdacarrier/spa 
500 |a "Bestseller del New York Times"--Cubierta 
504 |a Incluye referencias bibliográficas 
588 |a Descripción basada en metadatos suministrados por el editor y otras fuentes 
590 |a Recurso electrónico. Santa Fe, Arg.: elibro, 2025. Disponible vía World Wide Web. El acceso puede estar limitado para las bibliotecas afiliadas a elibro 
650 4 |a Inteligencia artificial  |x Aspectos económicos 
650 4 |a Inteligencia artificial  |x Aspectos sociales 
650 4 |a Inteligencia artificial  |z China 
650 4 |a Inteligencia artificial  |z Estados Unidos 
655 4 |a Libros electrónicos 
700 1 |a Vaquero Granados, Mercedes  |e traductor  |4 trl 
797 2 |a elibro, Corp. 
856 4 0 |u https://elibro.unach.elogim.com/es/lc/unach/titulos/291286